Vicious Veg (Record no. 1847)
[ view plain ]
| 000 -LEADER | |
|---|---|
| fixed length control field | 00891cam a2200301 i 4500 |
| 005 - DATE AND TIME OF LATEST TRANSACTION | |
| control field | 20250725101808.0 |
| 020 ## - INTERNATIONAL STANDARD BOOK NUMBER | |
| International Standard Book Number | 9781407106151 |
| 040 ## - CATALOGING SOURCE | |
| Original cataloging agency | DLC |
| Language of cataloging | eng |
| Description conventions | rda |
| Transcribing agency | DLC |
| Modifying agency | FISKH |
| 050 00 - LIBRARY OF CONGRESS CALL NUMBER | |
| Classification number | Q180.2 |
| Item number | A77 2009 |
| 082 ## - DEWEY DECIMAL CLASSIFICATION NUMBER | |
| Classification number | 741.5 |
| 100 1# - MAIN ENTRY--PERSONAL NAME | |
| Personal name | Arnold, Nick, |
| Relator term | author. |
| 245 10 - TITLE STATEMENT | |
| Title | Vicious Veg |
| Statement of responsibility, etc. | Nick Arnold illustrated by Tony De Saulles |
| 260 ## - PUBLICATION, DISTRIBUTION, ETC. | |
| Place of publication, distribution, etc. | London : |
| Name of publisher, distributor, etc. | Scholastic, |
| Date of publication, distribution, etc. | 2008 |
| 300 ## - PHYSICAL DESCRIPTION | |
| Extent | 175 pages : |
| Dimensions | 20 cm |
| 490 ## - SERIES STATEMENT | |
| Series statement | Hriible Science |
| 500 ## - GENERAL NOTE | |
| General note | Title from case. |
| 505 0# - FORMATTED CONTENTS NOTE | |
| Formatted contents note | U <br/> |
| 520 ## - SUMMARY, ETC. | |
| Summary, etc. | Varied comics personifying plants to |
| 521 ## - TARGET AUDIENCE NOTE | |
| Target audience note | 850 <br/> |
| Source | Lexile |
| 521 ## - TARGET AUDIENCE NOTE | |
| Target audience note | U <br/><br/> |
| Source | Raz-Plus |
| 650 #0 - SUBJECT ADDED ENTRY--TOPICAL TERM | |
| Topical term or geographic name entry element | Science |
| Form subdivision | Juvenile literature. |
| 650 #0 - SUBJECT ADDED ENTRY--TOPICAL TERM | |
| Topical term or geographic name entry element | Science |
| General subdivision | Study and teaching (Primary) |
| 700 1# - ADDED ENTRY--PERSONAL NAME | |
| Personal name | Arnold, Nick, |
| Relator term | author. |
| 700 1# - ADDED ENTRY--PERSONAL NAME | |
| Personal name | De Saulles, Tony, |
| Relator term | illustrator. |
| 906 ## - LOCAL DATA ELEMENT F, LDF (RLIN) | |
| a | 7 |
| b | cbc |
| c | orignew |
| d | 2 |
| e | ncip |
| f | 20 |
| g | y-gencatlg |
| 942 ## - ADDED ENTRY ELEMENTS (KOHA) | |
| Source of classification or shelving scheme | Dewey Decimal Classification |
| Koha item type | Books |
| Suppress in OPAC | No |
| 999 ## - | |
| -- | 1847 |
| -- | 1847 |
| Withdrawn status | Lost status | Source of classification or shelving scheme | Damaged status | Not for loan | Collection | Home library | Current library | Shelving location | Date acquired | Total Checkouts | Full call number | Barcode | Date last seen | Copy number | Price effective from | Koha item type |
|---|---|---|---|---|---|---|---|---|---|---|---|---|---|---|---|---|
| Dewey Decimal Classification | Juvenile Fiction | Footprints International School Library Network Toul Kork Campus | Footprints International School Library Network Toul Kork Campus | 10/04/2023 | ARN 741.594 PN6725.K74 | FISTKG3A084 | 10/04/2023 | 1 | 10/04/2023 | Books | ||||||
| Dewey Decimal Classification | Juvenile Fiction | Footprints International School Library Network Toul Tom Poung Campus | Footprints International School Library Network Toul Tom Poung Campus | TTP Secondary Fiction Bookshelves | 10/04/2023 | ARN 741.594 PN6725.K74 | FIS20943 | 09/27/2024 | 2 | 10/04/2023 | Books | |||||
| Dewey Decimal Classification | Juvenile Fiction | Footprints International School Library Network Toul Tom Poung Campus | Footprints International School Library Network Toul Tom Poung Campus | TTP Secondary Fiction Bookshelves | 07/25/2025 | ARN 741.594 PN6725.K74 | FIS01118 | 07/25/2025 | 3 | 07/25/2025 | Books |
